| 000 | nam a22 a 4500 | ||
|---|---|---|---|
| 999 |
_c4288 _d4288 |
||
| 003 | AKMAL | ||
| 005 | 20170526152508.0 | ||
| 008 | 170526s2003 my l 00 may d | ||
| 020 |
_a9678912929 (kkt.): _cRM19.50 |
||
| 040 | _aAKMAL | ||
| 082 | 0 | 4 |
_a345.59505 KAN _221 |
| 090 | 0 | 0 |
_a345.59505 _bKAN |
| 110 | 1 |
_aMalaysia _9400 |
|
| 245 | 1 | 0 |
_aKanun Prosedur Jenayah (Akta 593) : _b(hingga 15hb Januari 2003) / _cdisusun oleh Lembaga Penyelidikan Undang-undang |
| 260 |
_aPetaling Jaya : _bInternational Law Book Services, _c2003 |
||
| 300 | 0 | 0 |
_a265ms. ; _c24cm |
| 599 | _aDALAM PROSES | ||
| 650 | 0 |
_aCriminal law _zMalaysia _93716 |
|
| 650 | 0 |
_aCriminal procedure _zMalaysia _93883 |
|
| 710 | 2 |
_aLembaga Penyelidikan Undang-Undang _98363 |
|
| 942 |
_2ddc _cBOOK |
||